LEADER 01011nam a2200217 i 4500 001 000000171583 003 CaOOAMICUS 005 20080506000000.0 008 080506s1942 it u000 u ita u 013 $a149014 040 $aSeMil$bita 100 1 $aDostoevskij, Fëdor Michajlovi?,$d<1821-1881>.$0(OLS)http://semarc/name/1325 245 10$aRicordi della casa dei morti /$cFedor M. Dostoievski ; A cura della Duchessa D'Andria. 260 $aTorino :$bUnione Tipografico-Editrice Torinese,$c1942. 300 $a399 p., [1] p. di ritratto ;$c19 cm. 500 $aIn mezzo al front : Ristampa stereotipa della 1° edizione 1935-XIII. 700 1 $aCarafa Capecelatro, Enrichetta,$d<1863-1941>.$0(OLS)http://semarc/name/8811 850 $aSeMil 852 $aSeMil$W1$xVenegono$y1$m1W II 56$j122452$B122452$CSeMilBibl$Z2$F133844 $81 996 $6245$aRicordi della casa dei morti$9(OLS)http://semarc/title/245495 996 $6260$aTorino :$bUnione Tipografico-Editrice Torinese$9(OLS)http://semarc/publisher/29628 LEADER 01003nam a2200229 i 4500 001 000000244598 003 CaOOAMICUS 005 20150812000000.0 008 150812s1826 it u000 u ita u 013 $a223503 026 $ameli ieca eram meav (7) 1826 (A) 040 $aSeMil$bita 245 10$aTomo 2. 300 $a364 p. 490 0 $aCollezione completa di tutte le opere di s. Alfonso Maria De Liguori 500 $aSegn. : A-P12 Q2. 773 0 $aLiguori, Alfonso Maria : de' $tGlorie di Maria del beato Alfonso Maria de Liguori. Tomo 1. [-3.].$dMonza : Per Luca Corbetta, 1826.$kCollezione completa di tutte le opere di s. Alfonso Maria De Liguori$g2$w()28219 830 0$aCollezione completa di tutte le opere di s. Alfonso Maria De Liguori.$0(OLS)http://semarc/title/37613 850 $aSeMil 852 $aSeMil$W1$xVenegono$y1$m3E I 140 FA$j194944$B194944$CSeMilBibl$Z2$F205606 $8I 961 $aOmaggio: Deposito 996 $6245$aTomo 2$9(OLS)http://semarc/title/49331